| 000 | 01768nam0a22003371 4500 | ||
|---|---|---|---|
| 001 | v19\rc\1827381 | ||
| 005 | 20260407071535.0 | ||
| 035 | _a(NLR Aleph) 004923872 | ||
| 090 |
_a5607162 _c5607162 |
||
| 100 | _a20071224d1908 |||y0rusy50 ca | ||
| 101 | 0 | _arus | |
| 102 | _aRU | ||
| 105 | _ay z ||||| | ||
| 200 | 1 |
_aВоинский устав о наказаниях (С.В.П. 1869 г., XXII, изд. 3), разъясненный мотивами, на которых он основан, решениями Главного военного суда и дополненный приказами и циркулярами по военному ведомству _fСост. б. пом. воен. прокурора и воен. следователь А. Анисимов |
|
| 205 | _a10-е изд., испр. и доп. Неофиц. изд. | ||
| 210 |
_aСанкт-Петербург _cН.К. Мартынов _d1908 |
||
| 215 |
_aXXIV, 467 с. _d25 |
||
| 532 | 1 | 3 | _aВоинский устав о наказаниях, разъясненный мотивами, на которых он основан, решениями Главного военного суда и дополненный приказами и циркулярами по военному ведомству |
| 700 | 1 |
_4220 _7ca _8rus _aАнисимов _bА. Н. _cнотариус _f1848-1909 _gАлександр Николаевич _3RU\NLR\AUTH\770280096 _92652063 |
|
| 801 | 0 |
_aRU _bNLR _gpsbo |
|
| 801 | 0 |
_aRU _bRuMoRGB _2psbo |
|
| 801 | 1 |
_aRU _bProSoft-M _2rusmarc |
|
| 852 |
_aNLR _j37.30.3.70 |
||
| 899 |
_aRuMoRGB _jA 210/16 |
||
| 899 |
_aRuMoRGB _jΔ 59/93 |
||
| 899 | _aБАН | ||
| 899 | _aНБ СПбГУ | ||
| 899 | _aГПИБ | ||
| 942 | _cBOOK | ||
| 980 | _aNB | ||